书目信息 |
| 题名: |
电视传播核心价值论
|
|
| 作者: | 欧阳宏生 主编 | |
| 分册: | ||
| 出版信息: | 北京 北京大学出版社 2010 |
|
| 页数: | 250页 | |
| 开本: | 23cm | |
| 丛书名: | ||
| 单 册: | ||
| 中图分类: | G220 | |
| 科图分类: | ||
| 主题词: | 电视广播--传播学--研究 , 电视广播 , 传播学 | |
| 电子资源: | ||
| ISBN: | 978-7-301-16749-6 | |
| 000 | 00995nam0 2200265 45 | |
| 001 | 1130693906 | |
| 005 | 20110310092311.07 | |
| 010 | @a978-7-301-16749-6@dCNY29.00 | |
| 100 | @a20110122d2010 em y0chiy50 ea | |
| 101 | 0 | @achi |
| 102 | @aCN@b110000 | |
| 105 | @ay z 000yy | |
| 106 | @ar | |
| 200 | 1 | @a电视传播核心价值论@ADian Shi Chuan Bo He Xin Jia Zhi Lun@dTV on the core values of communication@f欧阳宏生主编@FOu Yang Hong Sheng Zhu Bian@zeng |
| 210 | @a北京@c北京大学出版社@d2010 | |
| 215 | @a250页@d23cm | |
| 330 | @a本书以论题研究的目的和意义为起点,阐明电视传播与社会核心价值的关系,并借鉴西方社会核心价值建设的理论与实践经验,说明电视传播在中国经济、政治、文化发展中的重要作用。 | |
| 510 | 1 | @aTV on the core values of communication@zeng |
| 606 | 0 | @a电视广播@x传播学@x研究 |
| 606 | 0 | @a电视广播 |
| 606 | 0 | @a传播学 |
| 690 | @aG220@v4 | |
| 701 | 0 | @a欧阳宏生@AOu Yang Hong Sheng@f(1952?~)@4主编 |
| 801 | 0 | @aCN@bTANGWEI@c20110310 |
| 905 | @b0531342-45@dG220@e116@f4 | |
| 电视传播核心价值论=TV on the core values of communication/欧阳宏生主编.-北京:北京大学出版社,2010 |
| 250页;23cm |
| ISBN 978-7-301-16749-6:CNY29.00 |
| 本书以论题研究的目的和意义为起点,阐明电视传播与社会核心价值的关系,并借鉴西方社会核心价值建设的理论与实践经验,说明电视传播在中国经济、政治、文化发展中的重要作用。 |
| ● |
| 相关链接 |
|
|
|
|
正题名:电视传播核心价值论
索取号:G220/116
 
预约/预借
| 序号 | 登录号 | 条形码 | 馆藏地/架位号 | 状态 | 备注 |
| 1 | 0531342 | 205313427 | 第一样本阅览室/ [索取号:G220/116] | 在馆 | |
| 2 | 0531343 | 205313436 | 密集书库-文学院/ [索取号:G220/116] | 在馆 | |
| 3 | 0531344 | 205313445 | 第四借阅区/ [索取号:G220/116] | 在馆 | |
| 4 | 0531345 | 205313454 | 第四借阅区/ [索取号:G220/116] | 在馆 |